Právne aspekty vybraných pravidiel činnosti vo vzťahu ku klientom pri uskutočňovaní finančného sprostredkovania a finančného poradenstva
Finanční agenti a finanční poradcovia predstavujú „prepojenie“ medzi finančnou inštitúciou a klientom. Právna úprava zakotvuje pravidlá pre finančných agentov a finančných poradcov už pre prvý kontakt s klientom. Ukladá povinnosť ich klasifikácie a delenia do zákonne definovaných kategórií.
Salvato in:
| Autore principale: | |
|---|---|
| Natura: | Capitolo di libro |
| Lingua: | slovacco |
| Soggetti: | |
| Tags: |
Nessun Tag, puoi essere il primo ad aggiungerne!!
|
MARC
| LEADER | 00000nla a2200000 4500 | ||
|---|---|---|---|
| 001 | 0241341 | ||
| 005 | 20240502073929.2 | ||
| 041 | 0 | |a slo | |
| 044 | |a SK | ||
| 245 | 1 | 0 | |a Právne aspekty vybraných pravidiel činnosti vo vzťahu ku klientom pri uskutočňovaní finančného sprostredkovania a finančného poradenstva |c Andrea Slezáková |
| 520 | |a Finanční agenti a finanční poradcovia predstavujú „prepojenie“ medzi finančnou inštitúciou a klientom. Právna úprava zakotvuje pravidlá pre finančných agentov a finančných poradcov už pre prvý kontakt s klientom. Ukladá povinnosť ich klasifikácie a delenia do zákonne definovaných kategórií. | ||
| 610 | 2 | 0 | |a poradcovia finanční |
| 610 | 2 | 0 | |a sprostredkovatelia finanční |
| 610 | 2 | 0 | |a úpravy právne |
| 610 | 2 | 0 | |a poradenstvo finančné |
| 610 | 2 | 0 | |a klienti |
| 100 | 1 | |a Slezáková, Andrea, 1980- | |